F1 Knowledge - Statistics

General Stats
  • This quiz has been taken 155 times
  • The average score is 7 of 10
Answer Stats
Question Answer % Correct
Which F1 driver won the championship 34 years after his father? Nico Rosberg
91%
Who won the 2006 Formula one world championship? Fernando Alonso
89%
Who won the 2019 Italian GP? Charles Leclerc
84%
How many race wins did Michael Schumacher have? 91
78%
Which country has hosted every F1 event on the same track? Monaco
78%
Which driver started the lap 1 chaos in Spa 2012? Romain Grosjean
73%
Which driver jumped the start in Spa 2012? Pastor maldonado
60%
Where was the old turn 1 in Silverstone? Copse
58%
Which driver rolled out of the 2018 Abu Dhabi GP? Nico Hulkenberg
58%
What F1 driver has won a world championship on a bike and in a car? John Surtees
47%
No matching quizzes found
Score Distribution
Percent of People with Each Score
Percentile by Number Answered
Your Score History
You have not taken this quiz